000 00208 a2200097 4500
001 58511
100 _a
245 _aLAw of evidence
260 _aLahore
_bLegal research Center
_c2004
090 _c35884
_d35884
942 _aNUST-CAE
_c
_c28762
999 _c293584
_d293584